<?xml version="1.0" encoding="UTF-8"?><?xml-stylesheet type="text/xsl" href="static/style.xsl"?><OAI-PMH xmlns="http://www.openarchives.org/OAI/2.0/" xmlns:xsi="http://www.w3.org/2001/XMLSchema-instance" xsi:schemaLocation="http://www.openarchives.org/OAI/2.0/ http://www.openarchives.org/OAI/2.0/OAI-PMH.xsd"><responseDate>2026-04-30T04:59:56Z</responseDate><request verb="GetRecord" identifier="oai:uvadoc.uva.es:10324/65334" metadataPrefix="marc">https://uvadoc.uva.es/oai/request</request><GetRecord><record><header><identifier>oai:uvadoc.uva.es:10324/65334</identifier><datestamp>2025-02-13T09:51:14Z</datestamp><setSpec>com_10324_1158</setSpec><setSpec>com_10324_931</setSpec><setSpec>com_10324_894</setSpec><setSpec>col_10324_1242</setSpec></header><metadata><record xmlns="http://www.loc.gov/MARC21/slim" xmlns:doc="http://www.lyncode.com/xoai" xmlns:xsi="http://www.w3.org/2001/XMLSchema-instance" xmlns:dcterms="http://purl.org/dc/terms/" xsi:schemaLocation="http://www.loc.gov/MARC21/slim http://www.loc.gov/standards/marcxml/schema/MARC21slim.xsd">
<leader>00925njm 22002777a 4500</leader>
<datafield tag="042" ind1=" " ind2=" ">
<subfield code="a">dc</subfield>
</datafield>
<datafield tag="720" ind1=" " ind2=" ">
<subfield code="a">Romero, A. H.</subfield>
<subfield code="e">author</subfield>
</datafield>
<datafield tag="720" ind1=" " ind2=" ">
<subfield code="a">Manjón, F. J.</subfield>
<subfield code="e">author</subfield>
</datafield>
<datafield tag="720" ind1=" " ind2=" ">
<subfield code="a">Lauck, R.</subfield>
<subfield code="e">author</subfield>
</datafield>
<datafield tag="720" ind1=" " ind2=" ">
<subfield code="a">Cardona, M.</subfield>
<subfield code="e">author</subfield>
</datafield>
<datafield tag="720" ind1=" " ind2=" ">
<subfield code="a">Rubio, A.</subfield>
<subfield code="e">author</subfield>
</datafield>
<datafield tag="720" ind1=" " ind2=" ">
<subfield code="a">Serrano Gutiérrez, Jorge</subfield>
<subfield code="e">author</subfield>
</datafield>
<datafield tag="260" ind1=" " ind2=" ">
<subfield code="c">2004</subfield>
</datafield>
<datafield tag="520" ind1=" " ind2=" ">
<subfield code="a">We have performed first-principles calculations of the electronic structure of ZnO, and applied them to the determination of structural and lattice-dynamical properties and their dependence on pressure. The dynamical matrices have been obtained for the wurtzite, zinc-blende, and rocksalt modifications with several lattice parameters optimized for pressures up to 12 GPa. These matrices are employed to calculate the one-phonon densities of states (DOS) and the two-phonon DOS associated with either sums or differences of phonons. These results provide the essential tools to analyze the effect of isotope-induced mass disorder and anharmonicity on phonon linewidths, which we discuss here and compare with experimental data from Raman spectroscopy, including first- and second-order spectra. Agreement of calculated properties with experimental results improves considerably when the renormalization due to anharmonicity is subtracted from the experimental data.</subfield>
</datafield>
<datafield tag="024" ind2=" " ind1="8">
<subfield code="a">Phys. Rev. B 69, 094306 (2004)</subfield>
</datafield>
<datafield tag="024" ind2=" " ind1="8">
<subfield code="a">1098-0121</subfield>
</datafield>
<datafield tag="024" ind2=" " ind1="8">
<subfield code="a">https://uvadoc.uva.es/handle/10324/65334</subfield>
</datafield>
<datafield tag="024" ind2=" " ind1="8">
<subfield code="a">10.1103/PhysRevB.69.094306</subfield>
</datafield>
<datafield tag="024" ind2=" " ind1="8">
<subfield code="a">9</subfield>
</datafield>
<datafield tag="024" ind2=" " ind1="8">
<subfield code="a">Physical Review B</subfield>
</datafield>
<datafield tag="024" ind2=" " ind1="8">
<subfield code="a">69</subfield>
</datafield>
<datafield tag="024" ind2=" " ind1="8">
<subfield code="a">1550-235X</subfield>
</datafield>
<datafield tag="245" ind1="0" ind2="0">
<subfield code="a">Pressure dependence of the lattice dynamics of ZnO: Anab initioapproach</subfield>
</datafield>
</record></metadata></record></GetRecord></OAI-PMH>